000
00261nam a2200097Ia 4500
001
752376
005
20250826164702.0
008
250824s9999 xx 000 0 und d
245
0
_a
ARŞİMET ZEKAİ GİZLİ GÖREVDE
_c
DURAN ÇETİN
260
_b
ATLIKARINCA YAYINLARI
999
_c
752376
_d
752376